Bilecik Bilecik Bilecik Bilecik Bilecik

Atılım: Sosyal Bilimler Dergisi = (Record no. 75742)

MARC details
000 -BAŞLIK
Sabit Uzunluktaki Kontrol Alanı 00668nas a2200265 a 4500
001 - KONTROL NUMARASI
Control Dosyası S5462
003 - KONTROL NUMARASI KİMLİĞİ
Kontrol Alanı KOHA_MİRAKIL
005 - EN SON İŞLEM TARİHİ ve ZAMANI
Kontrol Alanı 20260206234657.0
022 ## - ISSN - ULUSLARARASI STANDART SERİ NUMARASI
issn 21466181
040 ## - KATALOGLAMA KAYNAĞI
Kataloglama Dili tur
Açıklama Kuralları rda
Çeviri Kurumu
041 0# - DİL KODU
Metin ya da ses kaydının dil kodu tur
044 ## - YAYINLAYAN/ÜRETEN KURULUŞUN ÜLKE KODU
ISO country code tu
050 00 - SINIFLAMA ve YER NUMARASI
Sınıflama Numarası S5462
245 0# - ESER ADI BİLDİRİMİ
Başlık Atılım: Sosyal Bilimler Dergisi =
Alt Eseradı vb. Social Sciences Journal
264 #1 - ÜRERİM, YAYIN, DAĞITIM ve TELİF BİLDİRİMİ
Yayın yeri Ankara :
Yayınlayan Atılım Üniversitesi
300 ## - FİZİKSEL TANIMLAMA
Sayfa, Cilt vb. c.
310 ## - CURRENT PUBLICATION FREQUENCY
Current publication frequency 6 Aylık,
Date of current publication frequency
336 ## - İÇERİK TÜRÜ
Content type term metin
Content type code txt
Source rdacontent
337 ## - MEDYA TÜRÜ
Media type term aracısız
Media type code n
Source rdamedia
338 ## - TAŞIYICI TÜRÜ
Carrier type term cilt
Carrier type code nc
Source rdacarrier
500 ## - GENEL NOT
Genel Not Düşük düzeyde katalog kaydı. Çalisma devam ediyor.
856 40 - ELEKTRONİK YER ve ERİŞİM
Kaynak Tanımlayıcı (URL) <a href=""></a>
907 ## - LOCAL DATA ELEMENT G, LDG (RLIN)
a Dergi
942 ## - EK GİRİŞ ÖGELERİ (KOHA)
Source of classification or shelving scheme Library of Congress Classification
Koha item type Periodicals
Holdings
Materyal Türü Kalıcı Konum Mevcut Konum Raf Yeri Koleksiyon Kodu Cilt Bilgisi Demirbaş Numarası Geri Çekilme Durumu Kayıp Durumu Hasarlı Durumu Kredi için değil Toplam Ödünçverme
Periodicals Prof. Dr. Azmi Özcan Kütüphanesi Prof. Dr. Azmi Özcan Kütüphanesi Arşiv Sayılar Rafı (II) Genel C., S.19 (2011) SY0011493       Ödünç verilmez  
Periodicals Prof. Dr. Azmi Özcan Kütüphanesi Prof. Dr. Azmi Özcan Kütüphanesi Arşiv Sayılar Rafı (II) Genel C., S.18 (2011) SY0011544       Ödünç verilmez  
Periodicals Prof. Dr. Azmi Özcan Kütüphanesi Prof. Dr. Azmi Özcan Kütüphanesi Arşiv Sayılar Rafı (II) Genel C., S.23 (2012) SY0012383       Ödünç verilmez  
Periodicals Prof. Dr. Azmi Özcan Kütüphanesi Prof. Dr. Azmi Özcan Kütüphanesi Arşiv Sayılar Rafı (II) Genel C., S.26 (2013) SY0012814       Ödünç verilmez  
Periodicals Prof. Dr. Azmi Özcan Kütüphanesi Prof. Dr. Azmi Özcan Kütüphanesi Arşiv Sayılar Rafı (II) Genel C., S.34 (2015) SY0014956       Ödünç verilmez  
Periodicals Prof. Dr. Azmi Özcan Kütüphanesi Prof. Dr. Azmi Özcan Kütüphanesi Arşiv Sayılar Rafı (II) Genel C., S.43 (2018) SY0019355       Ödünç verilmez  
Periodicals Prof. Dr. Azmi Özcan Kütüphanesi Prof. Dr. Azmi Özcan Kütüphanesi Arşiv Sayılar Rafı (II) Genel C., S.46 (2019) SY0020416       Ödünç verilmez  
Periodicals Prof. Dr. Azmi Özcan Kütüphanesi Prof. Dr. Azmi Özcan Kütüphanesi Arşiv Sayılar Rafı (II) Genel C., S.47 (2019) SY0020645       Ödünç verilmez  
Periodicals Prof. Dr. Azmi Özcan Kütüphanesi Prof. Dr. Azmi Özcan Kütüphanesi Arşiv Sayılar Rafı (II) Genel C., S.48 (2019) SY0020929       Ödünç verilmez  
Periodicals Prof. Dr. Azmi Özcan Kütüphanesi Prof. Dr. Azmi Özcan Kütüphanesi Arşiv Sayılar Rafı (II) Genel C., S.49 (2019) SY0021238       Ödünç verilmez  
Periodicals Prof. Dr. Azmi Özcan Kütüphanesi Prof. Dr. Azmi Özcan Kütüphanesi Arşiv Sayılar Rafı (II) Genel C., S.50 (2020) SY0021507       Ödünç verilmez  
Periodicals Prof. Dr. Azmi Özcan Kütüphanesi Prof. Dr. Azmi Özcan Kütüphanesi Arşiv Sayılar Rafı (II) Genel C., S.51 (2021) SY0021804       Ödünç verilmez  
Periodicals Prof. Dr. Azmi Özcan Kütüphanesi Prof. Dr. Azmi Özcan Kütüphanesi Arşiv Sayılar Rafı (II) Genel C., S.52 (2021) SY0021992       Ödünç verilmez  
Periodicals Prof. Dr. Azmi Özcan Kütüphanesi Prof. Dr. Azmi Özcan Kütüphanesi Arşiv Sayılar Rafı (II) Genel C., S.53 (2021) SY0022212       Ödünç verilmez  
Periodicals Prof. Dr. Azmi Özcan Kütüphanesi Prof. Dr. Azmi Özcan Kütüphanesi Arşiv Sayılar Rafı (II) Genel C., S.54 (2022) SY0022416       Ödünç verilmez  
Periodicals Prof. Dr. Azmi Özcan Kütüphanesi Prof. Dr. Azmi Özcan Kütüphanesi Arşiv Sayılar Rafı (II) Genel C., S.55 (2022) SY0022447       Ödünç verilmez  
Periodicals Prof. Dr. Azmi Özcan Kütüphanesi Prof. Dr. Azmi Özcan Kütüphanesi Arşiv Sayılar Rafı (II) Genel C., S.56 (2023) SY0022692       Ödünç verilmez  
Periodicals Prof. Dr. Azmi Özcan Kütüphanesi Prof. Dr. Azmi Özcan Kütüphanesi Arşiv Sayılar Rafı (II) Genel C., S.57 (2023) SY0023259       Ödünç verilmez  
Periodicals Prof. Dr. Azmi Özcan Kütüphanesi Prof. Dr. Azmi Özcan Kütüphanesi Arşiv Sayılar Rafı (II) Genel C., S.58 (2024) SY0023584       Ödünç verilmez  
Periodicals Prof. Dr. Azmi Özcan Kütüphanesi Prof. Dr. Azmi Özcan Kütüphanesi Arşiv Sayılar Rafı (II) Genel C., S.59 (2024) SY0023738       Ödünç verilmez  
Periodicals Prof. Dr. Azmi Özcan Kütüphanesi Prof. Dr. Azmi Özcan Kütüphanesi Arşiv Sayılar Rafı (II) Genel C., S.60 (2025) SY0024064       Ödünç verilmez  
Periodicals Prof. Dr. Azmi Özcan Kütüphanesi Prof. Dr. Azmi Özcan Kütüphanesi Arşiv Sayılar Rafı (II) Genel C., S.61 (2025) SY0024084       Ödünç verilmez